Sports Quiz

Random Sports or NBA Quiz

Sports: Spell 'Shawn' Quiz Stats

Quiz Updated Mar 5, 2012

Challenge
Share
Tweet
Embed
Score 0/11 Timer 02:00
0 Plays Today
Athlete First Name % Correct
Kemp: Former All-Star forward for the SuperSonicsShawn
76.5%
Elliott: Former All-Star Spurs guard who played after receiving a kidney transplantSean
70.8%
Figgins: Speedy second and third baseman who was an MLB All-Star in 2009Chone
65.5%
White: Won Olympic gold in snowboarding and X Games gold in skateboardingShaun
59.5%
Greene: 2009 Jets draft pick who became their starting running back in 2011Shonn
47.3%
Merriman: Ex-Bills linebacker who was an All-Pro on the Chargers from 2005-2007Shawne
45.1%
Dunston: Two-time All-Star for the Cubs who played 18 MLB seasonsShawon
28.5%
Donovan: Played right wing for seven NHL teams before retiring in 2010Shean
15.2%
Morrisonn: Sabres defenseman taken in the first round of the 2001 NHL DraftShaone
5%
Podein: Left winger who played in the NHL from 1992 to 2003Shjon
4.8%
Thompson: Former Texans linebacker drafted 52nd overall by the Browns in 2003Chaun
3%

You're not logged in!

Compare scores with friends on all Sporcle quizzes.
Join for Free
OR
Log In

You Might Also Like...

Show Comments

Extras

Top Quizzes Today


Score Distribution

Your Account Isn't Verified!

In order to create a playlist on Sporcle, you need to verify the email address you used during registration. Go to your Sporcle Settings to finish the process.

Report this User

Report this user for behavior that violates our Community Guidelines.

Details: